• 首页
  • 本馆介绍
  • 公告通知
  • 最新文献
  • 馆藏检索
  • 电子资源
  • 读者导购
  • 参考咨询
  • 我的图书馆
  • 登录
  • 详细信息显示
  • 放入我的书架
  • 预约/预借图书
  • 作者相关作品
  • 分类相关作品
  • 丛书相关作品
  • 出版社相关作品

书目信息

  • 表格格式
  • 工作单格式
  • 卡片格式
题名:
金属
    
 
作者: 克里斯·莱夫特瑞
分册:  
出版信息: 上海   上海人民美术出版社  2004
页数: 157
开本: 26cm
丛书名:
单 册:
中图分类: TB88
科图分类:
主题词: 摄影--洗印--技术
电子资源:
ISBN: 7-5322-4023-1
000 00561nam0 2200181 450
001 0729297901
005 20071003080817.90
010    @a7-5322-4023-1@b精装@d¥78.00
100    @a20071003d km y0chiy0120 ea
101 0  @achi
200 1  @a金属@Ajin shu@f(英)克里斯.莱夫特瑞@F(ying)ke li si.lai fu te rui
210    @a上海@c上海人民美术出版社@d2004
215    @a157@d26cm
606 0  @a摄影@x洗印@x技术
690    @aTB88@v4
701  0 @a克里斯·莱夫特瑞@Ake li si·lai fu te rui
801  0 @aCN@b大连网信软件有限公司图书馆·11@c20071003
905    @a213230@dTB88@eM25
    
    金属/(英)克里斯.莱夫特瑞.-上海:上海人民美术出版社,2004
    157;26cm
    
    
    ISBN 7-5322-4023-1(精装):¥78.00
    
●
相关链接 在E读中查询图书 在五车中查询图书 在当当中查询图书 在豆瓣中查询图书


正题名:金属     索取号:TB88/M25         预约/预借

序号 登录号 条形码 馆藏地/架位号 状态 备注
1 6401515   264015158   密集书库-美术系/ [索取号:TB88/M25] 在馆    
唐山师范学院图书馆 欢迎您!
大连网信软件有限公司© 版权所有